মাধ্যমিক রচনা বিচিন্তা / (Record no. 8734)
[ view plain ]
| 000 -LEADER | |
|---|---|
| fixed length control field | 00656nam a2200217 a 4500 |
| 001 - CONTROL NUMBER | |
| JCCL Control Number | 8734 |
| 003 - CONTROL NUMBER IDENTIFIER | |
| JCCL marc code | BD-JhCC |
| 005 - DATE AND TIME OF LATEST TRANSACTION | |
| control field | 20180529122134.0 |
| 008 - FIXED-LENGTH DATA ELEMENTS--GENERAL INFORMATION | |
| fixed length control field | 180301s19731985bg |||| ||a| 000 0 be d |
| 035 ## - SYSTEM CONTROL NUMBER | |
| system control number | (BD-JhCC)8734 |
| 040 ## - CATALOGING SOURCE | |
| Original cataloging agency | BD-JhCC |
| Modifying agency | BD-JhCC |
| 041 ## - LANGUAGE CODE | |
| Language code of Book | ben |
| 082 ## - DEWEY DECIMAL CLASSIFICATION NUMBER | |
| Classification number | 491.444 |
| Author mark and Year | ARZ 1973 |
| 100 ## - MAIN ENTRY--PERSONAL NAME | |
| Personal name | আচার্য, পি. |
| 245 ## - TITLE STATEMENT | |
| Title | মাধ্যমিক রচনা বিচিন্তা / |
| Statement of responsibility, etc | পি আচার্য . |
| 260 ## - PUBLICATION, DISTRIBUTION, ETC. (IMPRINT) | |
| Place of publication, distribution, etc | কলিকাতা: |
| Name of publisher, distributor, etc | রবীন্দ্র লাইব্ররী ; |
| Date of publication, distribution, etc | 1973. |
| 300 ## - PHYSICAL DESCRIPTION | |
| Pagination | 291 p. : |
| Dimensions | 22 cm. |
| 651 ## - SUBJECT ADDED ENTRY--GEOGRAPHIC NAME | |
| Geographic name | Bengali Language. |
| 942 ## - ADDED ENTRY ELEMENTS (KOHA) | |
| Source of classification or shelving scheme | Library of Congress Classification |
| Koha item type | Books |
| Source of classification or shelving scheme | Damaged status | Not for loan | Home library | Current library | Shelving location | Date of accession | Cost, normal purchase price | Total Checkouts | Full call number | Barcode | Date last seen | Copy number | Koha item type |
|---|---|---|---|---|---|---|---|---|---|---|---|---|---|
| Dewey Decimal Classification | JCC Rouf Library | JCC Rouf Library | General Stacks | 03/01/2018 | 30.00 | 491.444 ARZ 1973 | 11538 | 03/01/2018 | C - 1 | Books |